Online
Catalog

Menopausia y calidad de vida. (Record no. 48591)

MARC details
000 -CABECERA
campo de control de longitud fija 00335nam a2200121 a 4500
005 - FECHA Y HORA DE LA ÚLTIMA TRANSACCIÓN
campo de control 20201002061645.0
008 - DATOS DE LONGITUD FIJA--INFORMACIÓN GENERAL
campo de control de longitud fija 190718s1990 000 spa d
020 ## - NÚMERO INTERNACIONAL ESTÁNDAR DEL LIBRO
Número Internacional Estándar del Libro 8440455186
040 ## - FUENTE DE LA CATALOGACIÓN
Centro catalogador/agencia de origen DO-SdBNP
100 ## - ENTRADA PRINCIPAL--NOMBRE DE PERSONA
Nombre de persona Palacios, Santiago / Menéndez, Carmen
9 (RLIN) 76478
245 #0 - MENCIÓN DE TÍTULO
Título Menopausia y calidad de vida.
260 ## - PUBLICACIÓN, DISTRIBUCIÓN, ETC.
Lugar de publicación, distribución, etc. Santo Domingo,
Fecha de publicación, distribución, etc. 1990.

No items available.

Powered by Koha